000 00750cab a2200241 4500
001 ABS54759
008 090401t1996 xxu||||| |||| 00| 0 eng d
035 _a(Sirsi) u12166
041 _aeng
245 _aMitigating the loss of privity
260 _c1996
350 _a0
490 _aProperty Review
_v6(2) March 1996, 34-37(4)
520 _aHighlights the findings of the Association of British Insurers Working Party on the Landlord and Tenant (Covenants) Act 1995.
650 _aINSTITUTIONAL LEASES
650 _aLANDLORD AND TENANT (COVENANTS) ACT 1995
650 _aLEASE TERMS
650 _aMITIGATION
650 _aPRIVITY OF CONTRACT
690 _aLANDLORD AND TENANT-BUSINESS TENANCIES
942 _n0
948 _c04/03/1997
999 _c7785
_d7785